NBA-Best Player From Each Number - Statistics

General Stats
  • This quiz has been taken 22 times
  • The average score is 18 of 57
Answer Stats
# Player % Correct
23 Lebron James
95%
7 Kevin Durant
85%
30 Steph Curry
85%
11 Kyrie Irving
80%
77 Luka Doncic
75%
1 Devin Booker
70%
3 Chris Paul
65%
34 Giannis Antetokounmpo
65%
13 James Harden
65%
2 Kawhi Leonard
65%
0 Damian Lillard
60%
22 Jimmy Butler
60%
21 Joel Embiid
60%
6 Kristaps Porzingis
50%
25 Ben Simmons
45%
39 Dwight Howard
40%
27 Jamal Murray
40%
8 Kemba Walker
40%
52 William Howard
40%
10 DeMar DeRozan
35%
45 Donovan MItchell
35%
16 James Johnson
35%
32 Karl Anthony Towns
35%
44 Bojan Bogdanovic
30%
5 De'aaron Fox
30%
33 Myles Turner
30%
43 Pascal Siakam
30%
26 Spencer Dinwiddie
30%
42 Al Horford
25%
20 John Collins
25%
28 Andre Iguodala
20%
14 Brandon Ingram
20%
24 Buddy Hield
20%
15 Clint Capela
20%
55 Duncan Robinson
20%
99 Jae Crowder
20%
31 Jarrett Allen
20%
12 Steven Adams
20%
17 Dennis Schroder
15%
4 Devonte Graham
15%
35 Marvin Bagley
15%
00 Aaron Gordan
10%
51 Boban Marjanovic
10%
37 Kostas Antetokounmpo
10%
9 Rajon Rondo
10%
67 Taj Gibson
10%
40 Harrison Barnes
5%
36 Marcus Smart
5%
81 Miye Oni
5%
88 Nemanja Bjelica
5%
46 Aron Baynes
0%
50 Caleb Swanigan
0%
95 Deandre Bembry
0%
18 Dion Waiters
0%
54 Patrick Patterson
0%
41 Trey Lyles
0%
19 Tyson Chandler
0%
No matching quizzes found
Score Distribution
Percent of People with Each Score
Percentile by Number Answered
Your Score History
You have not taken this quiz